书目信息 |
| 题名: |
国外混凝土机械
|
|
| 作者: | 龚铁平 编译 | |
| 分册: | ||
| 出版信息: | 北京 中国建筑工业出版社 1983 |
|
| 页数: | 252页 | |
| 开本: | 21cm | |
| 丛书名: | ||
| 单 册: | ||
| 中图分类: | TU64 | |
| 科图分类: | ||
| 主题词: | 混凝土机械--外国 | |
| 电子资源: | ||
| ISBN: | ||
| 000 | 00609nam0 2200229 45 | |
| 001 | 0183004895 | |
| 005 | 20060819085331.35 | |
| 010 | @dCNY1.00 | |
| 091 | @a15040.4388 | |
| 100 | @a19950930d1983 em y0chiy0121 ea | |
| 101 | 1 | @achi |
| 102 | @aCN@b110000 | |
| 105 | @ay z 000yy | |
| 200 | 10 | @a国外混凝土机械@Aguo wai hun ning tu ji xie@f龚铁平编译 |
| 210 | @a北京@c中国建筑工业出版社@d1983 | |
| 215 | @a252页@d21cm | |
| 606 | @a混凝土机械@y外国 | |
| 690 | @aTU64@v3 | |
| 701 | 0 | @a龚铁平@Agong tie ping@4编译 |
| 801 | 0 | @aCN@bTSSF@c20060819 |
| 801 | 2 | @aCN@bNLC@c20060815 |
| 905 | @a10447@dTU64@e297 | |
| 国外混凝土机械/龚铁平编译.-北京:中国建筑工业出版社,1983 |
| 252页;21cm |
| ISBN :CNY1.00 |
| ● |
| 相关链接 |
|
|
|
|
正题名:国外混凝土机械
索取号:TU64/297
 
预约/预借
| 序号 | 登录号 | 条形码 | 馆藏地/架位号 | 状态 | 备注 |
| 1 | 0458591 | 204585911 | 密集书库/ [索取号:TU64/297] | 在馆 | |
| 2 | 0458917 | 204589178 | 密集书库/ [索取号:TU64/297] | 在馆 |